<?xml version="1.0" encoding="UTF-8"?>
<record
    xmlns:xsi="http://www.w3.org/2001/XMLSchema-instance"
    xsi:schemaLocation="http://www.loc.gov/MARC21/slim http://www.loc.gov/standards/marcxml/schema/MARC21slim.xsd"
    xmlns="http://www.loc.gov/MARC21/slim">

  <leader>02185cam a2200625   4500</leader>
  <datafield tag="999" ind1=" " ind2=" ">
    <subfield code="c">23223</subfield>
    <subfield code="d">23223</subfield>
  </datafield>
  <controlfield tag="001">vtls011836985</controlfield>
  <controlfield tag="005">20220427113934.0</controlfield>
  <controlfield tag="008">210624s2018    xo oac gr     000 jdslo  </controlfield>
  <datafield tag="020" ind1=" " ind2=" ">
    <subfield code="a">9788097291310</subfield>
    <subfield code="q">(viazan&#xE9;)</subfield>
  </datafield>
  <datafield tag="035" ind1=" " ind2=" ">
    <subfield code="a">FEA588F1-F9DD-4B0F-98AD-5D30DC5C6979</subfield>
  </datafield>
  <datafield tag="035" ind1=" " ind2=" ">
    <subfield code="a">urn:nbn:sk:snk-am3ie15</subfield>
  </datafield>
  <datafield tag="035" ind1=" " ind2=" ">
    <subfield code="a">urn:nbn:sk:snk-am00e6he</subfield>
  </datafield>
  <datafield tag="040" ind1=" " ind2=" ">
    <subfield code="a">SVKPO</subfield>
    <subfield code="b">slo</subfield>
    <subfield code="c">SVKPO</subfield>
    <subfield code="d">SNK</subfield>
    <subfield code="e">rda</subfield>
  </datafield>
  <datafield tag="041" ind1="0" ind2=" ">
    <subfield code="a">slo</subfield>
  </datafield>
  <datafield tag="044" ind1=" " ind2=" ">
    <subfield code="a">xo</subfield>
    <subfield code="c">SK</subfield>
  </datafield>
  <datafield tag="072" ind1=" " ind2="7">
    <subfield code="a">91</subfield>
    <subfield code="x">Geografia ako veda. V&#xFD;skum. Cestovanie</subfield>
    <subfield code="2">konspekt</subfield>
  </datafield>
  <datafield tag="080" ind1=" " ind2=" ">
    <subfield code="a">910.4</subfield>
    <subfield code="2">2011</subfield>
  </datafield>
  <datafield tag="080" ind1=" " ind2=" ">
    <subfield code="a">910.4-051</subfield>
    <subfield code="2">2011</subfield>
  </datafield>
  <datafield tag="080" ind1=" " ind2=" ">
    <subfield code="a">(=162.4)</subfield>
    <subfield code="2">2011</subfield>
  </datafield>
  <datafield tag="080" ind1=" " ind2=" ">
    <subfield code="a">(437.6)</subfield>
    <subfield code="2">2011</subfield>
  </datafield>
  <datafield tag="080" ind1=" " ind2=" ">
    <subfield code="a">(0:82-992)</subfield>
    <subfield code="2">2011</subfield>
  </datafield>
  <datafield tag="080" ind1=" " ind2=" ">
    <subfield code="a">(093.3)</subfield>
    <subfield code="2">2011</subfield>
  </datafield>
  <datafield tag="080" ind1=" " ind2=" ">
    <subfield code="a">910.4(091)</subfield>
    <subfield code="2">2011</subfield>
  </datafield>
  <datafield tag="080" ind1=" " ind2=" ">
    <subfield code="a">(100)</subfield>
    <subfield code="2">2011</subfield>
  </datafield>
  <datafield tag="245" ind1="0" ind2="0">
    <subfield code="a">Cestopisn&#xE9; denn&#xED;ky</subfield>
    <subfield code="b">zbl&#xED;zka i z&#x10F;aleka, z monarchie i republiky</subfield>
    <subfield code="c">J&#xE1;n Golian, Rastislav Molda (eds.)</subfield>
  </datafield>
  <datafield tag="246" ind1="3" ind2="0">
    <subfield code="a">Zbl&#xED;zka i z&#x10F;aleka, z monarchie i republiky</subfield>
  </datafield>
  <datafield tag="264" ind1=" " ind2="1">
    <subfield code="a">Bansk&#xE1; Bystrica</subfield>
    <subfield code="b">Society for Human Studies</subfield>
    <subfield code="c">2018</subfield>
  </datafield>
  <datafield tag="300" ind1=" " ind2=" ">
    <subfield code="a">286 str&#xE1;n</subfield>
    <subfield code="b">fotografie, ilustr&#xE1;cie, portr&#xE9;ty</subfield>
    <subfield code="c">25 cm</subfield>
  </datafield>
  <datafield tag="336" ind1=" " ind2=" ">
    <subfield code="a">text</subfield>
    <subfield code="b">txt</subfield>
    <subfield code="2">rdacontent</subfield>
  </datafield>
  <datafield tag="337" ind1=" " ind2=" ">
    <subfield code="a">bez m&#xE9;dia</subfield>
    <subfield code="b">n</subfield>
    <subfield code="2">rdamedia</subfield>
  </datafield>
  <datafield tag="338" ind1=" " ind2=" ">
    <subfield code="a">zv&#xE4;zok</subfield>
    <subfield code="b">nc</subfield>
    <subfield code="2">rdacarrier</subfield>
  </datafield>
  <datafield tag="500" ind1=" " ind2=" ">
    <subfield code="a">Obsahuje biografick&#xE9; inform&#xE1;cie o zostavovate&#x13E;och</subfield>
  </datafield>
  <datafield tag="648" ind1=" " ind2="7">
    <subfield code="a">19.-20. storo&#x10D;ie</subfield>
    <subfield code="2">SNKPH</subfield>
    <subfield code="9">2202</subfield>
  </datafield>
  <datafield tag="648" ind1=" " ind2="7">
    <subfield code="a">19-20th centuries</subfield>
    <subfield code="2">SNKPHeng</subfield>
    <subfield code="9">2998</subfield>
  </datafield>
  <datafield tag="650" ind1="0" ind2="7">
    <subfield code="a">cestovanie</subfield>
    <subfield code="2">SNKPH</subfield>
    <subfield code="9">2999</subfield>
  </datafield>
  <datafield tag="650" ind1="0" ind2="7">
    <subfield code="a">cestovatelia</subfield>
    <subfield code="2">SNKPH</subfield>
    <subfield code="9">3000</subfield>
  </datafield>
  <datafield tag="650" ind1="0" ind2="7">
    <subfield code="a">Travelling</subfield>
    <subfield code="2">SNKPHeng</subfield>
    <subfield code="9">3001</subfield>
  </datafield>
  <datafield tag="650" ind1="0" ind2="7">
    <subfield code="a">Travellers</subfield>
    <subfield code="2">SNKPHeng</subfield>
    <subfield code="9">3002</subfield>
  </datafield>
  <datafield tag="650" ind1="0" ind2="7">
    <subfield code="a">Slov&#xE1;ci</subfield>
    <subfield code="2">SNKPH</subfield>
    <subfield code="9">1999</subfield>
  </datafield>
  <datafield tag="650" ind1="0" ind2="7">
    <subfield code="a">dejiny cestovania</subfield>
    <subfield code="2">SNKPH</subfield>
    <subfield code="9">3003</subfield>
  </datafield>
  <datafield tag="650" ind1="0" ind2="7">
    <subfield code="a">History of travelling</subfield>
    <subfield code="2">SNKPHeng</subfield>
    <subfield code="9">3004</subfield>
  </datafield>
  <datafield tag="650" ind1="0" ind2="7">
    <subfield code="a">Slovaks</subfield>
    <subfield code="2">SNKPHeng</subfield>
    <subfield code="9">2002</subfield>
  </datafield>
  <datafield tag="650" ind1=" " ind2="7">
    <subfield code="a">krajiny sveta</subfield>
    <subfield code="2">SNKPHgeo</subfield>
    <subfield code="9">2418</subfield>
  </datafield>
  <datafield tag="651" ind1=" " ind2="7">
    <subfield code="a">Slovensko</subfield>
    <subfield code="2">SNKPHgeo</subfield>
    <subfield code="9">1613</subfield>
  </datafield>
  <datafield tag="651" ind1=" " ind2="7">
    <subfield code="a">Slovakia</subfield>
    <subfield code="2">SNKPHeng</subfield>
    <subfield code="9">1614</subfield>
  </datafield>
  <datafield tag="651" ind1=" " ind2="7">
    <subfield code="a">Countries of the world</subfield>
    <subfield code="2">SNKPHeng</subfield>
    <subfield code="9">2419</subfield>
  </datafield>
  <datafield tag="655" ind1=" " ind2="7">
    <subfield code="a">cestopisy</subfield>
    <subfield code="2">SNKPH</subfield>
    <subfield code="9">3005</subfield>
  </datafield>
  <datafield tag="655" ind1=" " ind2="7">
    <subfield code="a">Books of travels</subfield>
    <subfield code="2">SNKPHeng</subfield>
    <subfield code="9">3006</subfield>
  </datafield>
  <datafield tag="655" ind1=" " ind2="7">
    <subfield code="a">Diaries</subfield>
    <subfield code="2">SNKPHeng</subfield>
    <subfield code="9">1783</subfield>
  </datafield>
  <datafield tag="655" ind1=" " ind2="7">
    <subfield code="a">denn&#xED;ky</subfield>
    <subfield code="2">SNKPH</subfield>
    <subfield code="9">1782</subfield>
  </datafield>
  <datafield tag="700" ind1="1" ind2=" ">
    <subfield code="a">Golian, J&#xE1;n,</subfield>
    <subfield code="d">1986-</subfield>
    <subfield code="4">edt</subfield>
    <subfield code="4">aui</subfield>
    <subfield code="9">2947</subfield>
  </datafield>
  <datafield tag="700" ind1="1" ind2=" ">
    <subfield code="a">Molda, Rastislav,</subfield>
    <subfield code="d">1986-</subfield>
    <subfield code="4">edt</subfield>
    <subfield code="4">aui</subfield>
    <subfield code="9">2950</subfield>
  </datafield>
  <datafield tag="958" ind1=" " ind2=" ">
    <subfield code="a">LX</subfield>
  </datafield>
  <datafield tag="958" ind1=" " ind2=" ">
    <subfield code="a">NB</subfield>
  </datafield>
  <datafield tag="952" ind1=" " ind2=" ">
    <subfield code="0">0</subfield>
    <subfield code="1">0</subfield>
    <subfield code="2">udc</subfield>
    <subfield code="4">0</subfield>
    <subfield code="7">0</subfield>
    <subfield code="8">K</subfield>
    <subfield code="a">10000</subfield>
    <subfield code="b">10000</subfield>
    <subfield code="d">2019-11-29</subfield>
    <subfield code="g">15.00</subfield>
    <subfield code="i">21177</subfield>
    <subfield code="l">1</subfield>
    <subfield code="o">I1840</subfield>
    <subfield code="p">I1840</subfield>
    <subfield code="r">2023-03-23</subfield>
    <subfield code="s">2023-02-17</subfield>
    <subfield code="w">2022-04-27</subfield>
    <subfield code="y">OLDO</subfield>
  </datafield>
</record>
